000 00553cam a2200193 4500500
005 20260405003335.0
041 _afre
042 _adc
100 1 0 _aLarmagnac-Matheron, Octave
_eauthor
245 0 0 _aUn problème de poids
260 _c2021.
500 _a18
690 _aFrance
690 _aMaladie
690 _aObésité
690 _aPoids
786 0 _nPhilosophie magazine | 152 | 9 | 2021-09-01 | p. 8-9 | 1951-1787
856 4 1 _uhttps://shs.cairn.info/magazine-philosophie-magazine-2021-9-page-8?lang=fr&redirect-ssocas=7080
999 _c2066641
_d2066641